00843nam a2200241Ia 450000500170000000800410001702000150005810000390007324501180011225000190023030000430024949000150029265000370030765000420034465000350038670000230042126400230044433600270046733700330049433800280052704000350055508400110059020220317001214.0160825s1984 spaa g 000 0 spa  a84752515791 aStevenson, Robert Louisd1850-189410aSecuestradocRobert Louis Stevenson ; Traducción María Eugenia Santidrián ; ilustraciónbVictor G. Ambrus a1a. edición  a269 páginas bilustraciones c22 cm  aTus libros142LEMBaNovela inglesa ySiglo XIX142LEMB aLiteratura inglesa ySiglo XIX142LEMB aHistorias de aventuras 1 aAmbrus, Victor G.  aMadidbAnayac1984 atextobtxt2rdacontent asin mediaciónbn2rdamedia avolumenbnc2rdacarrier aCO-BoRNBPbspaerdacCO-BoRNBP aN STE2